| 000 | 00451nam a2200181Ia 4500 | ||
|---|---|---|---|
| 001 | 15920 | ||
| 005 | 20260306170231.0 | ||
| 008 | 260306t2012||||xx |||||||||||||| ||und|| | ||
| 041 | _aESP | ||
| 082 |
_a620.82 _bA81 |
||
| 100 |
_aAsensio-Cuesta, Sabina _eAUT |
||
| 245 | 0 | _aEvaluación ergonómica de puestos de trabajo | |
| 260 | _c2012 | ||
| 300 |
_axvi, 350 páginas : _c24 cm. |
||
| 650 | _aGEN | ||
| 654 | _aCII | ||
| 942 |
_cLIB _dJUS _fJUS _2ddc _n |
||
| 999 |
_c15920 _d15920 |
||